000
00322nam a2200133Ia 4500
008
150201s2012 xx 000 0 und d
082
_a
621.38
_b
TOM
100
_a
Tomasi,Wayne
245
_a
electronic communication systems
250
_a
5th Ed.
260
_b
Pearson
_a
N.Delhi
_c
2012
300
_a
1115p.
942
_2
ddc
_c
BK
999
_c
5786
_d
5786